| 000 | 00483nam a2200145Ia 4500 | ||
|---|---|---|---|
| 008 | 170221s9999 xx 000 0 und d | ||
| 100 | _aYilmaz, Eray. | ||
| 245 | 2 | _aA Scale Development Study to Measure Smartphone Satisfactions of Adolescents | |
| 245 | _cEray YILMAZ, Erkan Duran Ahmet Küçüktekeli. | ||
| 260 | _bOnline Journal of Communication and Media Technologies | ||
| 260 | _c2012 | ||
| 650 | _xCommunication | ||
| 650 | _xMedia Arts | ||
| 856 | _uhttp://www.ojcmt.net/ | ||
| 999 |
_c310550 _d310550 |
||